miasta województwa łódzkiego - Statystyki

Ogólne statystyki
  • Ten quiz został rozwiązany 515 razy
    216 od ostatniego zresetowania
  • Średni wynik to 33 z 60
Statystyki odpowiedzi
Pierwsza litera Miasto % Poprawnych
A Aleksandrów Łódzki
88%
Ł Łódź
88%
B Bełchatów
81%
P Piotrków Trybunalski
81%
P Pabianice
80%
Z Zgierz
80%
S Skierniewice
78%
R Radomsko
77%
S Sieradz
77%
K Kutno
75%
Ł Łowicz
74%
T Tomaszów Mazowiecki
74%
Z Zduńska Wola
72%
Ł Łask
68%
W Wieluń
67%
B Brzeziny
65%
Ł Łęczyca
65%
R Rawa Mazowiecka
65%
O Opoczno
62%
U Uniejów
62%
K Konstantynów Łódzki
59%
G Głowno
58%
P Pajęczno
58%
K Koluszki
57%
O Ozorków
57%
W Wieruszów
55%
P Piątek
54%
P Poddębice
54%
R Rzgów
52%
U Ujazd
52%
Ż Żychlin
52%
D Działoszyn
51%
B Biała Rawska
49%
S Stryków
49%
K Kamieńsk
48%
K Krośniewice
48%
L Lututów
48%
P Przedbórz
48%
Z Zelów
48%
B Bolimów
46%
J Jeżów
46%
T Tuszyn
46%
I Inowłódz
45%
B Błaszki
42%
W Wolbórz
42%
S Szadek
41%
W Warta
41%
Z Złoczew
41%
D Dąbrowice
38%
D Drzewica
38%
S Sulejów
38%
L Lutomiersk
36%
R Rozprza
36%
G Grabów
35%
K Kiernozia
33%
P Parzęczew
32%
O Osjaków
30%
B Białaczów
29%
B Bolesławiec
29%
Ż Żarnów
29%
Nie znaleziono quizów pasujących do podanych kryteriów
Rozkład punktacji
Procent ludzi z każdym wynikiem
Percentyl według liczby udzielonych odpowiedzi
Twoja historia wyników
Nie rozwiązałeś tego quizu od ostatniego zresetowania